000 00928cam a2200229 i 4500
003 SA-RiAUC
005 20250611082237.0
008 250610s1994 su g b 000 0 ara c
040 _aSA-RiAUC
_bara
_cSA-RiAUC
_erda
082 0 4 _a016.091
090 _a016.091
_bا ل س
100 1 _aآل سليمان، مشهور بن حسن،
_d1380 هجري-
_eمؤلف.
245 1 2 _aالإشارات إلى أسماء الرسائل المودعة في بطون المجلدات والمجلات /
_cصنعه أبي عبيدة مشهور بن حسن آل سلمان.
264 1 _aالرياض :
_bدار الصميعي،
_c1994
300 _a231 صفحة ؛
_c24 سم
336 _aنص
_btxt
_2rdacontent
_3كتاب
337 _aبدون وسيط
_bn
_2rdamedia
338 _aمجلد
_bnc
_2rdacarrier
650 7 _aالكتب
_vببليوجرافيات
_2aucsh
942 _2ddc
_cBOOK
_n0
949 _aSA-JeALM
_d250610
_umohamedma123
_n1
999 _c8814
_d8814